000 03420nam a2200373 a 4500
003 CHAP
005 20241112175642.0
007 ta
008 241112s2013 mx ado|fr|||| 001 0 spa d
020 _a978-607-15-0929-1
040 _amxchpua
_cCHAP
_erda
041 _aspa
_bspa
_fspa
_hspa
050 1 0 _aTS156
_b.G88 2013
082 0 0 _220
_a658.5620151
_bG88 2013
100 1 _aGutiérrez Pulido, Humberto
_951804
245 1 0 _aControl estadístico de la calidad y Seis Sigma /
_cHumberto Gutiérrez Pulido y Román de la Vara Salazar
250 _a3a edición
264 _aMéxico :
_bMcGraw-Hill,
_c2013
300 _axi. 468 páginas :
_bilustraciones, gráficas, diagramas, tablas
336 _2rdacontent
_atexto
_btxt
337 _2rdamedia
_asin medio
_bn
338 _2rdacarrier
_avolumen
_bnc
504 _aBibliografía: páginas 459-460
505 0 _a1. Conceptos básicos de la cálida y la productividad. -- 2. Capacidad de procesos I: Estadística descriptiva. -- 3. Introducción a la probabilidad. -- 4. Elementos de inferencia estadística. -- 5. Índices de capacidad, métricas Seis Sigma y análisis de tolerancias. -- 6. Herramientas básicas para Seis Sigma. -- 7. Cartas de control para variables. -- 8. Cartas de control para atributos. -- 9. Cartas CUSUM, EWMA y ARIMA. -- 10. Estado de un proceso: capacidad y estabilidad. -- 11. Calidad de mediciones (repetibilidad y reproducibilidad). -- 12. Muestreo de aceptación -- 13. Confiabilidad. -- 14. Análisis de modo y efecto de las fallas (AMEF). -- 15. Estrategia Seis Sigma. -- 16. Ejemplo de proyecto Seis Sigma.
520 2 _aEl control estadístico ha demostrado su utilidad tanto en las empresas de manufactura como de servicio, ya que con las exigencias de mejora a la que se ven expuestas en las organizaciones, debido a la alta competitividad de los mercados globalizados, se ha hecho más evidente la necesidad de ampliar la comprensión y utilización del pensamiento estadístico, y aplicar conceptos y técnicas estadísticas para una diversidad de tareas y propósitos. Este libro se ha convertido en un clásico en la enseñanza de los métodos de la calidad y de la estrategia Seis Sigma. En esta 3{487} edición se realizó la revisión a fondo del texto para hacer más claro y comprensible su contenido. Asimismo, se incorporaron y ampliaron varios temas para cubrir mejor los métodos más demandados en la práctica. Entre ellos destacan: Distribuciones de probabilidad (capítulo 3) Prueba de hipótesis para una proporción (capítulo 4) Capacidad para datos no normales (capítulo 5) Cartas ARIMA para procesos autocorrelacionados. (capítulo 9). También se realizó una actualización exhaustiva del AMEF de acuerdo con la segunda edición del 2008 (capítulo 14), los aspectos relacionados con la estrategia y proyectos Seis sigma (capítulo 15 y 16). Se renovaron todas las explicaciones sobre el uso de software estadístico según las versiones más recientes (Statgraphics, Excel y Minitab).
650 1 3 _aCalidad del procesamiento
_2atg
_9187550
_xAnálisis estadístico
650 1 3 _aProductividad económica
_2atg
_9189744
650 1 7 _aProbabilidad
_2atg
_991685
650 1 3 _aProcessing quality
_2atg
_9187552
_xStatistical analysis
650 1 3 _aEconomic productivity
_2atg
_9189745
650 1 3 _aProbability
_2atg
_9158041
700 1 _aVara Salazar, Román de la
_9117917
_eautor
942 _2ddc
_cLIBRO
999 _c220255
_d220255